000 01220nam a22003377a 4500
003 CHAP
005 20251107125754.0
008 971013s1989 r 00010 d
010 _a738
011 _a1710
035 _a886
040 _cCHAP
090 _aTesis
100 1 0 _aZarco Hernández, Jorge Arturo
_9123708
245 _aVariabilidad entre parámetros asociados con la calidad panadera del triticale, interrelaciones y diferencias entre triticales completos y substituídos
260 _aChapingo, Méx. :
_bEl autor,
_c1989
300 _a97 h.
500 _a37-212
502 _aTesis (Ing. Agr. Esp. en Industrias Agrícolas) -- UACH. Departamento de Industrias Agrìcolas
590 _aALEPH
_b10
_c20130110
_lUCH01
_h1206
590 _aBATCH-UPD
_b10
_c20130110
_lUCH01
_h2227
590 _aBATCH-UPD
_b10
_c20130410
_lUCH01
_h1523
590 _aBATCH-UPD
_b10
_c20130914
_lUCH01
_h2055
590 _aCONVERSION
_b10
_c20130109
_lUCH01
_h1302
650 1 4 _aTriticale
_xCualidades en panificación.
_9115204
650 1 4 _aTriticale
_xValor nutritivo.
_9115230
901 _aBK
942 _cFOLL
949 _bBC
_cTES
_d-10345
_eTS1
_h22660
_i886
_si
949 _bBC
_cTES
_d33724000686325
_eTS2
_fc.2
_h22661
_i886
_si
999 _c738
_d738